Paesi più vicini al Cile - Morte improvvisa - Statistics

Statistiche generali
  • Questo quiz è stato fatto 33 volte
  • Il punteggio medio è 10 su 15
Answers on the Grid
Answers color-coded by a green-red scale on the quiz's grid according to % correct below.
Bolivia
Perù
Argentina
Paraguay
Brasile
Uruguay
Colombia
Ecuador
Venezuela
Guyana
Suriname
Panama
Trinidad e Tobago
Costa Rica
Grenada
Saint Vincent e Grenadine
Barbados
Dominica
Saint Lucia
Antigua e Barbuda
Saint Kitts e Nevis
Cuba
Haiti
Repubblica Dominicana
Nicaragua
Honduras
El Salvador
Belize
Nuova Zelanda
Stati Uniti
 
Statistiche sulle risposte
Risposta % Corretto
Perù
95%
Bolivia
86%
Venezuela
86%
Brasile
82%
Colombia
82%
Paraguay
82%
Argentina
77%
Uruguay
77%
Ecuador
73%
Guyana
73%
Suriname
73%
Panama
64%
Costa Rica
55%
Trinidad e Tobago
27%
Grenada
0%
Nessun quiz corrispondente trovato
Distribuzione punteggi
Percentuale di utenti per punteggio
Percentile per numero di risposta
I tuoi punteggi nel tempo
Non hai fatto questo quiz